<?xml version="1.0" encoding="UTF-8"?>
<record
    xmlns:xsi="http://www.w3.org/2001/XMLSchema-instance"
    xsi:schemaLocation="http://www.loc.gov/MARC21/slim http://www.loc.gov/standards/marcxml/schema/MARC21slim.xsd"
    xmlns="http://www.loc.gov/MARC21/slim">

  <leader>02676nam a2200445 i 4500</leader>
  <controlfield tag="003">CO-MdUADB</controlfield>
  <controlfield tag="005">20240927090521.0</controlfield>
  <controlfield tag="007">ta</controlfield>
  <controlfield tag="008">221217s1993    sp  |||gr|||| 001 edspa d</controlfield>
  <datafield tag="020" ind1=" " ind2=" ">
    <subfield code="a">8472236684</subfield>
    <subfield code="q">ISBN-10</subfield>
  </datafield>
  <datafield tag="020" ind1=" " ind2=" ">
    <subfield code="a">9788472236684</subfield>
    <subfield code="q">ISBN-10</subfield>
  </datafield>
  <datafield tag="040" ind1=" " ind2=" ">
    <subfield code="a">CO-MdUADB</subfield>
    <subfield code="b">spa</subfield>
    <subfield code="c">CO-MdUADB</subfield>
    <subfield code="e">rda</subfield>
  </datafield>
  <datafield tag="041" ind1="1" ind2=" ">
    <subfield code="a">spa</subfield>
    <subfield code="h">fre</subfield>
  </datafield>
  <datafield tag="082" ind1="0" ind2="4">
    <subfield code="a">844</subfield>
  </datafield>
  <datafield tag="100" ind1="1" ind2=" ">
    <subfield code="a">Montaigne, Michel de</subfield>
    <subfield code="d">1533-1592</subfield>
    <subfield code="e">aut</subfield>
    <subfield code="9">551838</subfield>
  </datafield>
  <datafield tag="245" ind1="1" ind2="0">
    <subfield code="a">P&#xE1;ginas inmortales /</subfield>
    <subfield code="c">Montaigne ; selecci&#xF3;n y pr&#xF3;logo de Andr&#xE9; Gide ; traducci&#xF3;n de Juan Gabriel L&#xF3;pez Guix</subfield>
  </datafield>
  <datafield tag="246" ind1="1" ind2="5">
    <subfield code="a">Les pages immortelles de Montaigne</subfield>
  </datafield>
  <datafield tag="250" ind1=" " ind2=" ">
    <subfield code="a">1a. edici&#xF3;n</subfield>
  </datafield>
  <datafield tag="264" ind1=" " ind2="1">
    <subfield code="a">Barcelona : </subfield>
    <subfield code="b">Tusquets Editores, </subfield>
    <subfield code="c">1993</subfield>
  </datafield>
  <datafield tag="300" ind1=" " ind2=" ">
    <subfield code="a">177 p&#xE1;ginas ;</subfield>
    <subfield code="c">21 cm.</subfield>
  </datafield>
  <datafield tag="336" ind1=" " ind2=" ">
    <subfield code="2">rdacontent</subfield>
    <subfield code="a">texto</subfield>
    <subfield code="b">txt</subfield>
  </datafield>
  <datafield tag="337" ind1=" " ind2=" ">
    <subfield code="2">rdamedia</subfield>
    <subfield code="a">no mediado</subfield>
    <subfield code="b">n</subfield>
  </datafield>
  <datafield tag="338" ind1=" " ind2=" ">
    <subfield code="2">rdacarrier</subfield>
    <subfield code="a">volumen</subfield>
    <subfield code="b">nc</subfield>
  </datafield>
  <datafield tag="377" ind1=" " ind2=" ">
    <subfield code="a">fre</subfield>
    <subfield code="l">Franc&#xE9;s</subfield>
  </datafield>
  <datafield tag="380" ind1=" " ind2=" ">
    <subfield code="2">tgfbne</subfield>
    <subfield code="a">Ensayos</subfield>
  </datafield>
  <datafield tag="490" ind1="0" ind2=" ">
    <subfield code="a">Marginales ; </subfield>
    <subfield code="v">125</subfield>
  </datafield>
  <datafield tag="500" ind1=" " ind2=" ">
    <subfield code="a">BIBLIOTECA CARLOS GAVIRIA D&#xCD;AZ : ANOTACIONES : Texto con ideas resaltadas, con algunas anotaciones en las p&#xE1;ginas : 12, 13, 14, 15, 16, 17, 18, 20, 21, 22, 23, 24, 25, 26, 27, 28, 29, 30 y 31.
</subfield>
  </datafield>
  <datafield tag="500" ind1=" " ind2=" ">
    <subfield code="a">AUT&#xD3;GRAFO : Libro impreso con firma original de Carlos Gaviria D&#xED;az.   
</subfield>
  </datafield>
  <datafield tag="500" ind1=" " ind2=" ">
    <subfield code="a">PROCEDENCIA : Con sello de relieve de la Librer&#xED;a Biblos de Bogot&#xE1;, donde se adquiri&#xF3; el texto.
</subfield>
  </datafield>
  <datafield tag="500" ind1=" " ind2=" ">
    <subfield code="a">MATERIAL ACOMPA&#xD1;ANTE : Con separador encontrado entre la guarda y la cubierta trasera.
</subfield>
  </datafield>
  <datafield tag="500" ind1=" " ind2=" ">
    <subfield code="a">Incluye &#xED;ndice.</subfield>
  </datafield>
  <datafield tag="520" ind1="3" ind2=" ">
    <subfield code="a">Esta selecci&#xF3;n de los Ensayos de Montaigne (1533-1592) viene ahora una vez m&#xE1;s a cuento no s&#xF3;lo porque, como todos los grandes cl&#xE1;sicos , nunca han perdido actualidad y se enriquecen por el contrario con la renovada lectura que de ellos aporta cada generaci&#xF3;n, sino porque, aprovechando el cuarto centenario de la muerte de Montaigne el a&#xF1;o pasado, cre&#xED;mos sugerente entregar estos ensayos , en ese fin de siglo nuestro tan poco lector, exquisitamente elegidos, por un escritor de la talla de Andr&#xE9; Gide (1869-1951). El pr&#xF3;logo de Gide es el mismo que el de la edici&#xF3;n norteamericana, y en &#xE9;l propone, de hecho, un reto: el de leer a Montaigne en &#xAB;crudo&#xBB;, sin &#xAB;la estopa que obstruye un poco los Ensayos e impide a menudo que lleguen a nosotros como dardos. (Resumen extra&#xED;do del libro).</subfield>
  </datafield>
  <datafield tag="521" ind1=" " ind2=" ">
    <subfield code="a">P&#xFA;blico destinatario : P&#xFA;blico general.</subfield>
  </datafield>
  <datafield tag="600" ind1="1" ind2="4">
    <subfield code="a">Montaigne, Michel Eyquem de, </subfield>
    <subfield code="d">1533-1592,</subfield>
    <subfield code="v">Ensayos</subfield>
  </datafield>
  <datafield tag="650" ind1="1" ind2="7">
    <subfield code="a">Ensayos franceses</subfield>
    <subfield code="2">lemb</subfield>
    <subfield code="9">7145</subfield>
  </datafield>
  <datafield tag="650" ind1="1" ind2="7">
    <subfield code="a">Fil&#xF3;sofos franceses</subfield>
    <subfield code="2">lemb</subfield>
    <subfield code="9">34143</subfield>
  </datafield>
  <datafield tag="700" ind1="1" ind2=" ">
    <subfield code="a">Gide, Andr&#xE9; Paul Guillaume,</subfield>
    <subfield code="d">1869-1951,</subfield>
    <subfield code="e">com</subfield>
    <subfield code="e">aui</subfield>
  </datafield>
  <datafield tag="700" ind1="1" ind2=" ">
    <subfield code="a">L&#xF3;pez Guix, Juan Gabriel,</subfield>
    <subfield code="d">1959-,</subfield>
    <subfield code="e">trl</subfield>
    <subfield code="e">ann</subfield>
  </datafield>
  <datafield tag="942" ind1=" " ind2=" ">
    <subfield code="2">ddc</subfield>
    <subfield code="c">BOOK</subfield>
  </datafield>
  <datafield tag="999" ind1=" " ind2=" ">
    <subfield code="c">3986</subfield>
    <subfield code="d">3986</subfield>
  </datafield>
  <datafield tag="952" ind1=" " ind2=" ">
    <subfield code="0">0</subfield>
    <subfield code="1">0</subfield>
    <subfield code="4">0</subfield>
    <subfield code="7">0</subfield>
    <subfield code="8">COLIT</subfield>
    <subfield code="a">BC</subfield>
    <subfield code="b">BC</subfield>
    <subfield code="d">1997-08-01</subfield>
    <subfield code="i">C6386</subfield>
    <subfield code="l">0</subfield>
    <subfield code="o">844 M761p</subfield>
    <subfield code="p">61000001542121</subfield>
    <subfield code="r">2023-04-20 00:00:00</subfield>
    <subfield code="t">1</subfield>
    <subfield code="w">2023-04-20</subfield>
    <subfield code="y">BOOK</subfield>
  </datafield>
  <datafield tag="952" ind1=" " ind2=" ">
    <subfield code="0">0</subfield>
    <subfield code="1">0</subfield>
    <subfield code="2">ddc</subfield>
    <subfield code="4">0</subfield>
    <subfield code="5">1</subfield>
    <subfield code="7">0</subfield>
    <subfield code="8">FCGD</subfield>
    <subfield code="a">BC</subfield>
    <subfield code="b">BC</subfield>
    <subfield code="d">2022-12-17</subfield>
    <subfield code="e">Familia Carlos Gaviria D&#xED;az</subfield>
    <subfield code="f">DONA</subfield>
    <subfield code="g">35000.00</subfield>
    <subfield code="l">0</subfield>
    <subfield code="o">CGD 844.3 M761</subfield>
    <subfield code="p">01104215</subfield>
    <subfield code="r">2022-12-17 00:00:00</subfield>
    <subfield code="w">2022-12-17</subfield>
    <subfield code="y">BOOKI</subfield>
  </datafield>
</record>
